Responses for Show #3059 - Thursday, December 11, 1997

Contestants

[<< previous game]

Jennifer Hopens, a college student from Temple, Texas

Derek Mohr, a supply officer originally from Ocean Springs, Mississippi

Suzanne Hayes, an actress originally from Dallas, Texas (whose 1-day cash winnings total $6,599)

[next game >>]

Jeopardy! Round responses

SOUTH AMERICAN GEOGRAPHY
SONGS OF THE '60s
SPY FICTION
THEY CAME FROM CLEVELAND
TAPE
GREAT-GRANDPAPPY SAID
    $100 16
(D: What are mountains?)

Lakes

SuzanneDerek
    $100 2
Georgia

Jennifer
    $100 1
Ian Fleming

Jennifer
    $100 7
Paul Newman

Suzanne
    $100 21
Boxers

Suzanne
    $100 17
Honesty

Derek
    $200 26
Chile

Jennifer
    $300 3
[The song is reprised going into the first break.]

Petula Clark

Jennifer
    $200 12
John le Carre

Suzanne
    $200 8
George Steinbrenner

Jennifer
    $200 22
Reflective tape

Derek
    $200 18
Hard

Suzanne
    $300 27
Mesopotamia

Jennifer
    $300 4
"Da Doo Ron Ron"

Triple Stumper
    $300 13
Frederick Forsyth

Jennifer
    $300 9
Arsenio Hall

Jennifer
    $300 23
Duct tape

Derek
    $300 19
the Weather

Suzanne
    $400 28
Westernmost point

Jennifer
    $400 5
"Ode to Billie Joe"

Derek
    $400 14
(D: Who is Clive Cussler?)

Len Deighton

Derek
Triple Stumper
    $400 10
(S: Who is Elizabeth Dole?)

Donna Shalala

SuzanneJennifer
    $400 24
(S: What is a drop cloth?)

Masking tape

Suzanne
Triple Stumper
    $400 20
In the dictionary

Derek
    $500 29
Angel Falls

Derek
    $500 6
Bobby Vinton

Jennifer
    $500 15
(D: Who is Clive Cussler?)

Robert Ludlum

Derek
Triple Stumper
    $500 11
(S: Who is Sting?)

Ric Ocasek

SuzanneJennifer
    $500 25
Friction tape

Derek
    $500 30
(Derek: What is downstream?)
...
(Alex: Not a bad idea, though!)

your own canoe

Derek
Triple Stumper

Scores at the first commercial break (after clue 15):

Suzanne Derek Jennifer
-$600 -$500 $2,700

Scores at the end of the Jeopardy! Round:

Suzanne Derek Jennifer
-$300 $900 $3,600

Double Jeopardy! Round responses

19th C. AMERICA
ACTRESSES
A "GOLDEN" TREASURY
FOREIGN CURRENCY
BANKRUPTCY
YOU CAN LOOK IT UP
    $200 18
Texas

Derek
    $200 1
Demi Moore

Derek
    $200 12
(S: What is the Golden Gate Bridge?)
(D: What is Golden Bay?)
(Alex: We were going for the waterway, not a structure.)

Golden Gate Strait

SuzanneDerek
Triple Stumper
    $200 9
Drachma

Suzanne
    $200 14
Stock

Derek
    $200 6
Log

Derek
    $400 19
Boss Tweed

Suzanne
    $400 2
(D: Who is Naomi Judd?)
(Alex: That's their mother.)

Ashley Judd

DerekJennifer
    $400 13
Golden Globe

Derek
    $400 16
Sierra Leone

Derek
    $400 15
Child support

Jennifer
    $400 7
River Styx

Derek
    $600 20
(This is the 99,000th clue entered in the Archive, on June 13, 2007.)

War of 1812

Jennifer
    $600 3
Jessica Lange

Derek
    $600 30
Golden parachute

Derek
    $600 17
U.S.A. (Dollar)

Triple Stumper
    $600 28
IRS (Internal Revenue Service)

Derek
    $600 8
New word

Jennifer
    $1,000 21
John Marshall

Jennifer
    $800 4
Andie MacDowell

Suzanne
    $800 29
On Golden Pond

Jennifer
    $800 23
(we have a minute left...)

"Liberte, Egalite, Fraternite"

Jennifer
    $800 27
Chapter

Jennifer
    $800 10
Anonymous

Suzanne
    $1000 22
Populist Party

Jennifer
    $500 5
Uma Thurman

Suzanne
    $1000 26
(D: What is the Golden Strait?)

Golden Horn

Derek
Triple Stumper
    $1000 24
Guilder

Derek
    $1000 25
Liquidation

Derek
    $1000 11
(D: What is a crane?)

Derrick

Derek
Triple Stumper

Scores at the end of the Double Jeopardy! Round:

Suzanne Derek Jennifer
$2,200 $4,100 $10,000
(lock game)

[wagering suggestions for these scores]

Final Jeopardy! Round responses

AFRICAN WILDLIFE
SuzanneWhat is the emu?
$2,200
DerekWhat is the ostrich?
$400
JenniferWhat is an ostrich?
$0
the ostrich

Final scores:

Suzanne Derek Jennifer
$0 $4,500 $10,000
3rd place: Pair of Franchi-Menotti Sports Watches 2nd place: Trip to Mount Airy Lodge in the Pennsylvania Poconos New champion: $10,000

Game dynamics:

Coryat scores:

Suzanne Derek Jennifer
$2,700 $4,100 $9,700
11 R
(including 1 DD),
4 W
19 R,
8 W
21 R
(including 2 DDs),
0 W

Combined Coryat: $16,500

[game] [game scores] [suggest correction]

Game tape date: Unknown
The J! Archive is created by fans, for fans. Scraping, republication, monetization, and malicious use prohibited; this site may use cookies and collect identifying information. See terms. The Jeopardy! game show and all elements thereof, including but not limited to copyright and trademark thereto, are the property of Jeopardy Productions, Inc. and are protected under law. This website is not affiliated with, sponsored by, or operated by Jeopardy Productions, Inc. Join the discussion at JBoard.tv.